00544cam a2200181 a 450000100100000000500170001000800410002704000290006808200190009710000440011624500570016026000350021730000210025249000130027365000290028665000340031583000130034900001077320200929162305.0840710s1968 ve 000 0 spa  aDO-SdBNPbspacLCdBNPHU a303.483bG216e1 aGarcía Bacca, Juan David,d1901-1992.10aElogio de la técnica /cJuan David García Bacca. aCaracas :bMonte Avila,c1968. a181 p. ;c19 cm.1 aEstudios 4aCiencia y civilización 4aTecnología y civilización 4aEstudios